By the King, a proclamation proclaimedin [sic] London the ninth of Iune

Bibliographic Details
Corporate Author: England and Wales. Sovereign (1625-1649 : Charles I)
Other Authors: Charles I, King of England, 1600-1649
Format: eBook
Language:English
Published: [London : publisher not identified, 1642]
Series:Early English books online.
Subjects:
Online Access:Connect to the full text of this electronic book

MARC

Tag First Indicator Second Indicator Subfields
LEADER 00000nam a2200000Ia 4500
001 in00004305313
005 20200810090538.0
006 m g d
007 cr bn |||a|bb|
008 880720s1642 enk o 00| | eng d
035 |a (OCoLC)18240453 
040 |a EAJ  |c EAJ  |d WaOLN 
037 |a CL0037000059  |b ProQuest Information and Learning. 300 N. Zeeb Rd., Ann Arbor, MI 48106 
043 |a e-uk-en 
045 2 |b d1642  |b d1649 
090 |a DA410  |b .E53 1642 
049 |a EAJA 
110 1 |a England and Wales.  |b Sovereign (1625-1649 : Charles I) 
245 1 0 |a By the King, a proclamation proclaimedin [sic] London the ninth of Iune 
260 |a [London :  |b publisher not identified,  |c 1642] 
300 |a 1 online resource (1 broadside. 
336 |a text  |b txt  |2 rdacontent 
337 |a computer  |b c  |2 rdamedia 
338 |a online resource  |b cr  |2 rdacarrier 
500 |a Imprint suggested by Wing. 
500 |a "Given at our court at Yorke the 27 day of May, 1642." 
500 |a Reproduction of original in the Harvard University Library. 
510 4 |a Wing  |c C2683A 
533 |a Electronic reproduction.  |b Ann Arbor, Mich. :  |c UMI,  |d 1999-  |f (Early English books online)  |n Digital version of: (Early English books, 1641-1700 ; 1629:61)  |7 s1999 miun s 
651 0 |a Great Britain  |x History  |y Civil War, 1642-1649. 
651 0 |a Great Britain  |x Politics and government  |y 1642-1649. 
700 0 |a Charles  |b I,  |c King of England,  |d 1600-1649. 
740 0 |a Proclamation proclaimedin [sic] London the ninth of Iune. 
740 0 |a Proclamation proclaimed in London the ninth of June. 
830 0 |a Early English books online. 
856 4 0 |u http://proxy.library.tamu.edu/login?url=https://search.proquest.com/docview/2240892144  |z Connect to the full text of this electronic book  |t 0 
999 f f |s 078d0610-c42c-33d8-97a4-e1cf2a9e2814  |i 89ada1ed-00c2-3329-921c-17850ed10588  |t 0 
952 f f |a Texas A&M University  |b College Station  |c Electronic Resources  |d Available Online  |t 0  |e DA410 .E53 1642  |h Library of Congress classification 
998 f f |a DA410 .E53 1642  |t 0  |l Available Online